Central Library and Information Centre
Sibsagar Girls' College, Sivasagar : Assam

NA MANUASIYATRA (Record no. 7577)

MARC details
000 -LEADER
fixed length control field 00385cam a2200169ua 4500
008 - FIXED-LENGTH DATA ELEMENTS--GENERAL INFORMATION
fixed length control field 121116n1982 II |||gr||||Z||||||asm
040 ## - CATALOGING SOURCE
Original cataloging agency MAIN
041 ## - LANGUAGE CODE
-- English
082 ## - DEWEY DECIMAL CLASSIFICATION NUMBER
Classification number 891.451 BUR
100 ## - MAIN ENTRY--PERSONAL NAME
Personal name BURMAN , SIBNATH .
245 ## - TITLE STATEMENT
Title NA MANUASIYATRA
260 ## - PUBLICATION, DISTRIBUTION, ETC.
Place of publication, distribution, etc. GUWAHATI
Name of publisher, distributor, etc. LBS PUBLISHERS
Date of publication, distribution, etc. 1982
300 ## - PHYSICAL DESCRIPTION
Extent 270.
942 ## - ADDED ENTRY ELEMENTS (KOHA)
Koha item type Books
653 ## - INDEX TERM--UNCONTROLLED
Uncontrolled term ASSAMESE LITERATURE
Holdings
Withdrawn status Lost status Damaged status Not for loan Collection code Home library Current library Shelving location Date acquired Full call number Barcode Date last seen Copy number Price effective from Koha item type
        REFASM Central Library and Information Centre Sibsagar Girls College Central Library and Information Centre Sibsagar Girls College   19.08.1980 891.451 BUR 06740 27.02.2020 1 27.02.2020 Books


Sibsagar Girl's College © 2020. All rights reserved.
Powered by Koha.
Maintained by Abhijit Borpuzari.